Länder nach Wikipedia Beschreibungen #3 - Statistiken

Allgemein
  • Dieses Quiz wurde 56 mal gespielt
  • Das Durchschnittsergebnis liegt bei 13 aus 20
Antwortstatistiken
Hinsweis Antwort % Korrekt
Berühmt für seine Mozartkugeln und seine Kaffeetradition Österreich
100%
Grönland und die Färöer-Inseln fangen jährlich etwa 650 Wale Dänemark
96%
Hat acht der zehn höchsten Berge der Welt Nepal
96%
Die Hauptstadt ist Sucre, während sich der Regierungssitz und das Finanzzentrum in La Paz befinden Bolivien
90%
In der zweiten Hälfte des 19. Jahrhunderts führte der Bürgerkrieg zur Abschaffung der Sklaverei Vereinigte Staaten
85%
Verfügt über eine große Anzahl dekorierter Höhlen aus dem Jungpaläolithikum, darunter eine einer der berühmtesten und am besten erhaltenen: Lascaux Frankreich
77%
Sein Territorium umfasst Amazonas-Regenwald, tropische Graslandschaften und Küsten entlang der Karibik und des Pazifiks Kolumbien
75%
Als repräsentative Demokratie mit einem konstitutionellen Monarchen wird sie geführt von Großherzog Henri und ist das einzige verbliebene Großherzogtum der Welt Luxemburg
75%
Das meistbesuchte Land in der zentralamerikanischen Region Costa Rica
73%
Musik von prominenten Komponisten wie Liszt und Bartók Ungarn
71%
Die Familie von Bashar al-Assad ist Alawiten und die Alawiten dominierten die Regierung Syrien
69%
Die Einnahmen aus Kanalgebühren machen nach wie vor einen erheblichen Teil des BIP des Landes aus Panama
67%
Im Jahr 1469 wurden die Kronen der christlichen Königreiche Kastilien und Aragonien vereint Spanien
67%
Der zweitgrößte Nationalstaat in der muslimischen Welt und sein einziger atomar bewaffneter Staat Pakistan
58%
Die Folge des Zusammenbruchs der staatlichen Autorität war die Entstehung der Piraterie in den unbewachten Gewässern des Indischen Ozeans Somalia
52%
Der Fluss Shannon, der das zentrale Tiefland durchquert, ist der längste Fluss Irland
46%
Am 26. März 2015 begann Saudi-Arabien mit Luftangriffen Jemen
46%
Eine antiwestliche totalitäre Theokratie, regiert von einem „Obersten Führer“ Iran
44%
Die Insel ist berühmt für ihr Jerk-Gewürz Jamaika
29%
Im Jahr 2001 entkriminalisierte es als erstes Land der Welt den Konsum aller gängigen Drogen Portugal
17%
Keine übereinstimmenden Quizze gefunden
Verteilung der Resultate
Anzahl Personen mit jedem Resultat
Perzentil nach korrekt beantworteten Fragen
Ihre Resultats-Entwicklung
Sie haben dieses Quiz noch nicht gespielt